000 00715nam a2200265Ia 4500
003 OSt
005 20220918175059.0
006 a|||||r|||| 00| 0
007 ta
008 220917b |||||||| |||| 00| 0 eng d
024 _a15,609
037 _cTextual
040 _aARTS
_cARTS
_beng
041 _2eng
_aeng
082 _aND4418,D300, M9
100 _aKrishna Murthy K.
_952824
245 0 _aSculptures of Varayana Buddhism
260 _aDelhi
_bClassics India Pubks
_c1989
300 _a76p.
_ccm.
490 _aClassics Indian art series; 1
500 _aBib p.61-B
650 _aARTS
942 _hND4418,D300, M9
_cTEXL
_2CC
999 _c156007
_d156007